Estado posmoderno y globalización (Registro nro. 8261)

Detalles MARC
000 -LEADER
fixed length control field 01765 a2200241 4500
001 - CONTROL NUMBER
control field 63654
005 - DATE AND TIME OF LATEST TRANSACTION
control field 20260407155935.0
008 - FIXED-LENGTH DATA ELEMENTS--GENERAL INFORMATION
fixed length control field 260407a2006 arg spa d
003 - CONTROL NUMBER IDENTIFIER
control field AR-UNSa-BCEJYS
040 ## - CATALOGING SOURCE
Original cataloging agency AR-UNSa-BCEJYS
Language of cataloging spa
Transcribing agency AR-UNSa-BCEJYS
080 ## - UNIVERSAL DECIMAL CLASSIFICATION NUMBER
Universal Decimal Classification number 342.1
Common auxiliary subdivision Estado. Pueblo. Nación. Poder del estado (Derecho político)
020 ## - INTERNATIONAL STANDARD BOOK NUMBER
International Standard Book Number 978-950-29-0940-0
041 ## - LANGUAGE CODE
Language code of text/sound track or separate title spa
100 1# - MAIN ENTRY--PERSONAL NAME
Personal name Ortiz, Tulio E.
245 10 - TITLE STATEMENT
Title Estado posmoderno y globalización
Name of part/section of a work Transformación del Estado-nación argentino
264 #1 - PRODUCTION, PUBLICATION, DISTRIBUTION, MANUFACTURE, AND COPYRIGHT NOTICE
Place of production, publication, distribution, manufacture Buenos Aires :
Name of producer, publisher, distributor, manufacturer Universidad de Buenos Aires. Facultad de Derecho. Departamento de Publicaciones
Date of production, publication, distribution, manufacture, or copyright notice 2006
300 ## - PHYSICAL DESCRIPTION
Extent xxii, 141 p.
Dimensions 22 cm.
505 ## - FORMATTED CONTENTS NOTE
Formatted contents note 1. ¿Hacia un estado pormoderno?: transformación e identidad - 2. El contrato social ausente: La formación del Estado - nación argentino y los conflictos decisivos considerados desde una concepción cosmopólita - 3. El estado en transformación: La situación de los Estados fallidos - 4. El discurso testimonial en América Latina y su relación con el concepto de nación - 5. Un análisis acerca del discurso neoliberal en la Argentina y sus consecuencias: El concepto de familia en el discurso de los indigentes argentinos y chilenos - 6. El Estado en el discurso de los indigentes: Estudio sobre la representación de las categorias "organismos estatales" y "organismos no estatales" en el discurso de un grupo de indigentes de la ciudad de Buenos Aires - Estado, ciudadania y discurso escolar: Análisis de libros de texto de sexto año de la Educación General Básica.
590 ## - LOCAL NOTE (RLIN)
Local note niveau_biblio:m niveau_hierar:0
700 1# - ADDED ENTRY--PERSONAL NAME
Personal name Pardo, Maria Laura
856 41 - ELECTRONIC LOCATION AND ACCESS
Uniform Resource Identifier <a href="https://www.biblioeco.unsa.edu.ar/pmb/images/libros/L129419.jpg">https://www.biblioeco.unsa.edu.ar/pmb/images/libros/L129419.jpg</a>
Link text Imagen de portada
Electronic format type image/jpeg
942 ## - ADDED ENTRY ELEMENTS (KOHA)
Koha item type
Existencias
Withdrawn status Lost status Damaged status Not for loan Home library Current library Shelving location Date acquired Total checkouts Full call number Barcode Date last seen Price effective from Koha item type
        Biblioteca Prof. Eusebio Cleto del Rey Biblioteca Prof. Eusebio Cleto del Rey   07/04/2026   342.1 O77 L129419 07/04/2026 07/04/2026 Libro